New directions in the analysis of multimodal discourse

Tallennettuna:
Bibliografiset tiedot
Päätekijät: Royce, Terry D (Tekijä), Browcher, Wendy L (Tekijä)
Aineistotyyppi: Kirja
Kieli:espanja
Julkaistu: Mahwah Lawrence Erlbaum 2007
Aiheet:
Tagit: Lisää tagi
Ei tageja, Lisää ensimmäinen tagi!

MARC

LEADER 00000cam a2200000 a 4500
001 UCG2516
003 CL-VaPUC
008 100708e20070000us |||||||||||||||||spa|d
020 |a 0805851062 
082 0 4 |a 401.41  |b ROY  |2 21 
100 0 |a Royce, Terry D  |e author  |9 550963 
700 0 |a Browcher, Wendy L  |e author  |9 550964 
245 1 0 |a New directions in the analysis of multimodal discourse 
300 |a 403 p 
942 |c BK 
945 |d 20100708 00:00:00  |a mfarfan 
260 |a Mahwah  |b Lawrence Erlbaum  |c 2007 
650 0 |a Gramática  |9 270497 
650 0 |a Semiótica  |9 265317 
650 0 |a Lingüística  |9 265068 
583 |a last modification  |c 20141107 01:26:48  |k Rodrigo Vera 
999 |c 341660  |d 341658 
952 |0 0  |1 0  |3 erd  |4 0  |6 401_410000000000000_ROY_2007  |7 0  |8 A  |9 437305  |a FDOPOS  |b FDOPOS  |i 5122465  |l 3  |o 401.41 ROY 2007  |p 5122465  |r 2025-01-22  |s 2020-10-08  |w 2019-11-22  |y BK  |z Catalogado en:20141107  |k DLA